Culture Générale - Série 2140 - Statistiques

Statistiques générales
  • Ce quiz a été pris 106 fois
  • Le résultat moyen est 4 sur 10
Statistiques - réponses
Question Réponse % Correct
C'est de la saleté rimant avec brasse crasse
91%
Complétez l'expression attribuée tantôt à Louis XV, tantôt à sa favorite Madame de Pompadour : "après moi, le .... déluge
63%
Comment s'appelle le plus ancien et célèbre pont de Venise ? voir photo Rialto
55%
Quel verbe familier signifie "Pousser de petits cris ; pleurer, piailler" ou "grincer" (pour une porte par exemple) ? couiner
40%
Sur un bateau, quel nom donne-t-on au couloir ? coursive
37%
Roche volcanique poreuse, légère et très dure. - 5 lettres commençant par " p " ponce
33%
Qui a réalisé "Le cerveau" en 1969 avec David Niven, Bourvil, Jean-Paul Belmondo ? Gérard Oury
32%
"Le diable au corps" est un roman de Raymond .... Radiguet
31%
Quel est le nom de scène de la chanteuse française Catherine BODET ? prénom et nom Catherine Lara
14%
Comment s'appelait la 3° épouse de l'empereur romain Claude et la mère de Britannicus en 41 ? Messaline
6%
Aucun quiz correspondant
Distribution des résultats
% des personnes avec chaque résultat
Percentile par nombre de réponses
Votre historique - résultats
Vous n’avez pas pris ce quiz